New York Yankees Season Home Run Leaders - Statistics

General Stats
  • This quiz has been taken 180 times
    86 since last reset
  • The average score is 70 of 134
Answer Stats
Year Player % Correct
2017 | 2021 | 2022 | +3 others Aaron Judge
100%
1920 | 1921 | 1922 | +10 others Babe Ruth
98%
2004 | 2005 | 2007 | +2 others Álex Rodríguez
93%
1954 | 1955 | 1956 | +7 others Mickey Mantle
93%
1934 | 1935 | 1936 Lou Gehrig
91%
1937 | 1938 | 1939 | +4 others Joe DiMaggio
78%
Reggie Jackson
75%
2018 Giancarlo Stanton
73%
1961 | 1962 Roger Maris
73%
1996 | 2000 Bernie Williams
71%
1905 Jimmy Williams
71%
1985 | 1986 | 1989 Don Mattingly
69%
1951 | 1952 | 1953 Yogi Berra
69%
2002 | 2003 | 2006 Jason Giambi
67%
2009 | 2010 Mark Teixeira
64%
1982 | 1983 Dave Winfield
53%
2020 Luke Voit
53%
2013 Robinson Canó
49%
1994 | 1995 Paul O'Neill
47%
1973 | 1974 | 1976 | +2 others Graig Nettles
44%
1997 | 1998 | 1999 | 2001 Tino Martinez
42%
2011 | 2012 Curtis Granderson
33%
2019 Gleyber Torres
33%
1963 Elston Howard
31%
Gary Sheffield
31%
Bobby Murcer
24%
1988 Jack Clark
18%
1975 Bobby Bonds
16%
1916 | 1917 Wally Pipp
16%
2016 Carlos Beltrán
15%
1992 | 1993 Danny Tartabull
15%
1918 | 1919 Home Run Baker
15%
1966 | 1969 Joe Pepitone
15%
1925 Bob Meusel
13%
2014 Brian McCann
13%
1984 Don Baylor
11%
1987 Mike Pagliarulo
11%
1941 | 1942 | 1943 | 1946 Charlie Keller
9%
1990 Jesse Barfield
9%
1944 | 1945 Nick Etten
9%
1915 Luke Boone
7%
Roger Peckinpaugh
7%
1965 Tom Tresh
7%
1991 Matt Nokes
5%
1949 Tommy Henrich
5%
Hal Chase
2%
1911 Birdie Cree
0%
1907 Danny Hoffman
0%
1913 Ed Sweeney
0%
1912 Guy Zinn
0%
1908 Harry Niles
0%
1910 | 1913 Harry Wolter
0%
1903 Herm McFarland
0%
1904 John Ganzel
0%
Patsy Dougherty
0%
1909 Ray Demmitt
0%
1906 Wid Conroy
0%
No matching quizzes found
Score Distribution
Percent of People with Each Score
Percentile by Number Answered
Your Score History
You have not taken this quiz since the last reset